Ojos de niebla / (Record no. 175982)

MARC details
000 -LEADER
campo de control de longitud fija 00696nam a22002175i 4500
001 - NÚMERO DE CONTROL
campo de control 175982
003 - IDENTIFICADOR DE NÚMERO DE CONTROL
campo de control ES-MaACL
005 - FECHA Y HORA DE LA ÚLTIMA TRANSACCIÓN
campo de control 20230906215946.0
008 - DATOS DE LONGITUD FIJA--INFORMACIÓN GENERAL
campo de control de longitud fija 101003s2010 sp o |||| | spa d
020 ## - NÚMERO INTERNACIONAL ESTÁNDAR DEL LIBRO
Número Internacional Estándar del Libro 978-84-87511-30-1
080 ## - NÚMERO DE LA CLASIFICACIÓN DECIMAL UNIVERSAL
Número de la Clasificación Decimal Universal 821.134.2-21"19/20"
100 1# - ENTRADA PRINCIPAL--NOMBRE DE PERSONA
Nombre de persona Cernuda, Alfredo.
9 (RLIN) 143802
245 10 - MENCIÓN DEL TÍTULO
Título Ojos de niebla /
Mención de responsabilidad, etc. Alfredo Cernuda.
260 ## - PUBLICACIÓN, DISTRIBUCIÓN, ETC.
Lugar de publicación, distribución, etc. Alcalá de Henares (Madrid) :
Nombre del editor, distribuidor, etc. Teatro Independiente Alcalaíno,
Fecha de publicación, distribución, etc. D. L. 2010.
300 ## - DESCRIPCIÓN FÍSICA
Extensión 120 p. ;
Dimensiones 18 cm.
490 1# - MENCIÓN DE SERIE
Mención de serie Colección nuevos autores ;
Designación de volumen o secuencia 31
710 2# - ENTRADA AGREGADA--NOMBRE DE ENTIDAD CORPORATIVA
Nombre de entidad corporativa o nombre de jurisdicción como elemento de entrada Teatro Independiente Alcalaíno.
9 (RLIN) 144180
830 0# - PUNTO DE ACCESO ADICIONAL DE SERIE-TÍTULO UNIFORME
Título uniforme Colección nuevos autores ;
Designación de volumen o secuencia 31
9 (RLIN) 189758
852 ## - LOCALIZACIÓN
Ubicación ES-MaACL
Número de control de estantería 2272-F-2
Holdings
Estatus retirado Estado de pérdida Estado de daño No para préstamo Colección Biblioteca de origen Biblioteca actual Ubicación en estantería Fecha de adquisición Fuente de adquisición Total de préstamos Signatura topográfica completa Código de barras Visto por última vez Precio de reemplazo Tipo de ítem Koha
        Colección de folletos Biblioteca del Ateneo de Madrid Biblioteca del Ateneo de Madrid Depósito folletos 03/12/2010     2272-F-2 1184806 23/02/2023 23/02/2023 Folleto